| 000 | 01404nam a2200373 i 4500 | ||
|---|---|---|---|
| 003 | DO-SdBNP | ||
| 005 | 20240131111229.0 | ||
| 007 | ta | ||
| 008 | 230919b2023 dr || 00| 0 spa d | ||
| 020 | _a9789945183986 | ||
| 040 |
_aDO-SdBNP _bspa _cBPMSU _erda |
||
| 082 | 4 |
_a320.97293 _bL925p 2023 _222 |
|
| 100 | 1 |
_aLozano, Wilfredo _d1950- _eautor |
|
| 100 | z | _aLosano, Wilfredo | |
| 245 | 1 | 3 |
_aLa política del poder : _bla crisis de la democracia dominicana en el siglo xxi / _cWilfredo Lozano ; corrección Amara Vera |
| 250 | _a2a ed. Actualizada y corregida | ||
| 264 |
_aSanto Domingo : _bFLACSO, _c2023 |
||
| 300 |
_a544 páginas ; _c23 cm. |
||
| 336 |
_2rdacontent _atexto _btxt |
||
| 337 |
_2rdamedia _asin mediación _bn |
||
| 338 |
_2volumen _anc |
||
| 500 | _aIncluye datos biográficos del autor en las solapas | ||
| 500 | _aIncluye raferencia bibliográficas y notas al pie de las páginas | ||
| 500 | _aIncluye índices | ||
| 504 | _aBibliografía : p. 481-513 | ||
| 590 | _aInventariado, 2024/VM | ||
| 650 | 4 |
_aDemocracia _xHistoria _zRepública Dominicana |
|
| 651 | 4 |
_aRepública Dominicana _xPolítica y gobierno _ySiglo XXI |
|
| 651 | 4 |
_aRepública Dominicana _xHistoria _ySiglo XXI |
|
| 700 | 1 |
_aVera, Aimara, _ecorrección |
|
| 710 | 2 | _aFacultad Latonoamericana de Ciencias Sociales (República Dominicana) | |
| 910 | _a VMateo V. Control de calidad. BPMSU | ||
| 942 |
_2ddc _cBK |
||
| 999 |
_c14548 _d14548 |
||